1398 1531 1803 1384 1065 1035 1747 1956 1923 1044 1596 1818 1454 1465 1519 1879 1188 1723 1407 1217 1922 1732 1641 1684 1006 1235 1003 1562 1879 1924 1705 1314 1210 1884 1143 1089 1353 1733 1508 1558 1144 1116 1847 1605 1706 1122 1330 1304 1474 1158 1289 1683 1069 1636 1832 1092 1987 1124 1887 1558 1258 1003 1118 1128 1496 1210 1535 1427 1307 1181 1256 1116 1481 1076 1971 1961 1315 1816 1272 1025 1230 1554 1128 1369 1042 1575 1824 1542 1932 1673 1251 1130 1597 1000 1891 1637 1262 1887 1170 BCNSPRNW ULIB Ver.6.0+V

เปลี่ยนเป็นภาษาไทย

Change to English
 แสดงรายละเอียดบรรณานุกรม
  กลับหน้าหลัก

Brief Record : Get Marc (ISO 2709) : E-mail record : QR code < ปิดหน้าต่าง
LEADER : 00000nam 2200000uu 4500
001    13399121079
003     ULIB
008    020711s2553 th a 000 0 tha d
020    9786167123110
090    นว.^bพ729ป
100    พิมมาตา
245    ปราการใจ
260    กรุงเทพฯ :^bกรีนมายด์,^c2553
300    307 หน้า
945    ^p229^l0^i19551
999    ^aทศพร เกษรทอง
รายการนี้ยังไม่มีแท็ก
คุณยังไม่ได้ล็อกอิน คุณสามารถมีกิจกรรมร่วมกับเว็บไซต์ได้ แต่ต้องล็อกอินก่อน ::
  ล็อกอิน

รายการสื่อสารสนเทศ

ลำดับที่ ประเภท เลขเรียก/บาร์โค้ด สถานที่ สถานะ
1. นวนิยาย
นวนิยาย
นว. พ729ป  
  Barcode: 19551
ห้องสมุดวิทยาเขตสวรรค์ประชารักษ์
►นวนิยาย
บนชั้น
  ขอยืม

BibComment


ยังไม่เคยถูกคอมเมนท์

คอมเมนท์ทรัพยากรรายการนี้
  คอมเมนท์: ปราการใจ


 Copyright 2026. Bcnsprnw @Library